| 000 | 00431 a2200121 4500 | ||
|---|---|---|---|
| 001 | ART_49881 | ||
| 005 | 20260410161843.0 | ||
| 008 | 260409a | ||
| 245 | 1 | 0 | _aDaños y prejuicios sufridos por personal de las FF.AA., GNA, PNA, SPF, PFA relacionados con actos de servicio |
| 100 | 1 | _aTorres, Ismael F. | |
| 700 | 1 | _aFuria de Torres, Lilian Alicia G. | |
| 773 | 0 |
_tRAP _g- Año 41, Nº 491 (ago. 2019) _wREV5941 |
|
| 999 |
_c24299 _d24299 |
||